| 000 | 00842nam a2200229Ia 4500 | ||
|---|---|---|---|
| 001 | 82277 | ||
| 003 | 159140 | ||
| 005 | 20250511062539.0 | ||
| 008 | ||||||n9999 ||| || || | ||
| 245 | 0 | _aHacia una política de desarrollo local con participación ciudadana como oportunidad para construir la convivencia pacífica sostenible en Colombia | |
| 562 | _e1 | ||
| 650 |
_aANALISIS DE ESTRATEGIAS _92773 |
||
| 650 | 0 |
_aBOYACÁ (COLOMBIA) _99589 |
|
| 650 |
_aCONVIVENCIA PACIFICA _93030 |
||
| 650 | 0 |
_aDesarrollo local _912858 |
|
| 650 | 0 |
_aDesarrollo social _92791 |
|
| 650 | 0 |
_aParticipación ciudadana _910525 |
|
| 650 |
_aTESIS Y DISERTACIONES ACADÉMICAS _9103267 |
||
| 650 |
_aVIOLENCIA--ASPECTOS POLÍTICOS _91137 |
||
| 650 | 0 |
_aEspecialización en Administración Pública Contemporánea (Bogotá) _9101120 |
|
| 942 | _cTESIS | ||
| 999 |
_c82277 _d82277 |
||